000 00732nab a2200229u 4500
001 21721
003 HDC
007 c| |||a|c|aaaa
008 210308b20120429my ||||o |||| 00| 0 eng d
040 _aHDC
245 0 _aOpinion: Eat halaal! Organic is no substitute
336 _atext
_2rdacontent
337 _acomputer
_2rdamedia
338 _aonline resource
_2rdacarrier
650 _ahalaal meat
_91025
650 _aorganic halaal meat suppliers
_919119
710 _aIndigo Jo Blogs
856 _zRequest full-text at [email protected]
942 _2lcc
942 _cNEWS
942 _kNWS0 004981
999 _c19037
_d19037